| 000 | 00610nam a2200145Ia 4500 | ||
|---|---|---|---|
| 008 | 220216s9999 xx 000 0 und d | ||
| 100 |
_aLi Jianing _cet al |
||
| 245 | 0 | _aMechanical, physical and durability properties of heat treated-rubberwood using steam | |
| 260 | _bClimate Change, Low Carbon Economy and Sustainable Natural Rubber Industry: Preprints of Proceedings of IRRDB International Rubber Conference 2010, 18-19 October 2010 Sanya, Hainan, China, pp. 802-809. | ||
| 650 | _aDecay resistance | ||
| 650 | _aDimentional stability | ||
| 650 | _aHeat treatment | ||
| 650 | _aRubberwood | ||
| 942 | _cJS | ||
| 999 |
_c62741 _d62741 |
||